Best Fantasy Tight End Each Year - Statistics

General Stats
  • This quiz has been taken 34 times
    11 since last reset
  • The average score is 13 of 29
Answer Stats
Year Team Total Points Player % Correct
2015 Patriots 255.6 Rob Gronkowski
100%
2023 Lions 239.3 Sam LaPorta
100%
2022 Chiefs 316.3 Travis Kelce
100%
2024 Raiders 262.7 Brock Bowers
88%
2010 Cowboys 248.9 Jason Witten
88%
2013 Saints 303.5 Jimmy Graham
88%
2021 Ravens 301.1 Mark Andrews
88%
2008 Chiefs 261.8 Tony Gonzalez
88%
2025 Cardinals 315.9 Trey McBride
88%
2006 Chargers 217.4 Antonio Gates
75%
1998 Broncos 200.8 Shannon Sharpe
63%
2009 Colts 271.7 Dallas Clark
50%
1982 Chargers 162.1 Kellen Winslow
38%
1995 Patriots 211.5 Ben Coates
25%
1988 Eagles 203.9 Keith Jackson
25%
1987 Giants 189.7 Mark Bavaro
25%
1979 Browns 187.7 Ozzie Newsome
25%
2002 Ravens 193.4 Todd Heap
25%
1990 49ers 160.7 Brent Jones
13%
1978 Raiders 207.7 Dave Casper
13%
1992 Cowboys 167 Jay Novacek
13%
1970 Redskins 157.4 Jerry Smith
13%
1991 Patriots 180.8 Marv Cook
13%
1975 Jets 153 Rich Caster
13%
1986 Raiders 258.3 Todd Christensen
13%
1977 Chiefs 145.1 Walter White
13%
1971 Giants 162.2 Bob Tucker
0%
1973 Eagles 184.8 Charle Young
0%
1989 Bengals 177.6 Rodney Holman
0%
No matching quizzes found
Score Distribution
Percent of People with Each Score
Percentile by Number Answered
Your Score History
You have not taken this quiz since the last reset